| 000 | 00534nam a22001817a 4500 | ||
|---|---|---|---|
| 003 | CEME | ||
| 005 | 20210628204100.0 | ||
| 008 | 210107b xxu||||| |||| 00| 0 eng d | ||
| 020 | _a9780170185462 | ||
| 040 | _cceme | ||
| 082 | _a808.066361 CLE | ||
| 100 |
_aCleak, Helen _968638 |
||
| 245 | _aAssessment and report writing in the human services | ||
| 260 |
_aAUSTRALIA _bCENGAGE LEARNING _c2009 |
||
| 300 | _aVIII, 116P | ||
| 650 |
_aREPORT WRITING IN THE HUMAN SERVICES. ASSESSMENT OF REPORT WRITING. _968639 |
||
| 942 |
_cBK _2ddc |
||
| 999 |
_c576158 _d576158 |
||